| 000 | 00559nam a2200205Ia 4500 | ||
|---|---|---|---|
| 005 | 20250508163156.0 | ||
| 008 | 008 250505s9999 xx 000 0 hin d | ||
| 037 | _aTextual | ||
| 040 |
_aFEDL _beng _cFEDL |
||
| 041 |
_ahin _2eng |
||
| 084 |
_a027.82, FAR _qFEDL |
||
| 100 |
_aFargo L F _9774854 |
||
| 245 | 0 | _aSchool - pustakalya ke vividh roop | |
| 260 |
_aNew Delhi, India _bAtamaram and Sons _c1966 |
||
| 300 | _a403p | ||
| 365 |
_aINR _b10 |
||
| 650 | _aSchool libraries | ||
| 942 |
_cTEXL _h027.82, FAR |
||
| 999 |
_c1381316 _d1381316 |
||